[Event "BCC Adolf Anderssen Friday Night Marath"]
[Site "Berkeley"]
[Date "2009.01.30"]
[Round "5"]
[White "Glasscoe, Alan"]
[Black "Morgan, Jerry"]
[Result "1-0"]
[WhiteElo "1837"]
[BlackElo "1393"]
[PlyCount "83"]
[EventDate "2009.??.??"]
[SourceDate "2007.10.22"]

1. e4 c6 2. Nc3 d5 3. d4 dxe4 4. Bc4 Nf6 5. f3 exf3 6. Nxf3 Bg4 7. Bxf7+ Kxf7
8. Ne5+ Kg8 9. Nxg4 Nbd7 10. O-O h5 11. Nf2 e5 12. dxe5 Nxe5 13. Qe2 Qc7 14.
Bf4 Re8 15. Nd3 Bd6 16. Nxe5 Ng4 17. Qc4+ Kh7 18. Nxg4 Bxf4 19. Rxf4 hxg4 20.
Rxg4 Qb6+ 21. Qd4 Qc7 22. Rh4+ Kg8 23. Rxh8+ Kxh8 24. Rf1 Qe7 25. Qf4 Qc5+ 26.
Kh1 Qe7 27. h3 Kg8 28. Qc4+ Qe6 29. Qxe6+ Rxe6 30. Kg1 g6 31. Rd1 Kf7 32. Rd7+
Re7 33. Rxe7+ Kxe7 34. Kf2 Kf6 35. Kf3 Kf5 36. h4 b6 37. g4+ Kf6 38. Ke4 a6 39.
Ne2 Ke6 40. Nf4+ Kf6 41. g5+ Kf7 42. Ke5 1-0

[Event "Berkeley CC Colle FNM; 30/90, SD/30"]
[Site "Berkeley"]
[Date "2011.07.15"]
[Round "6.3"]
[White "Glasscoe, Alan"]
[Black "Narayanan, Praveen"]
[Result "0-1"]
[WhiteElo "1801"]
[BlackElo "1903"]
[PlyCount "70"]
[EventDate "2011.??.??"]
[SourceDate "2007.10.22"]

1. Nc3 e6 2. d3 d5 3. e4 c5 4. f4 Nc6 5. Nf3 d4 6. Ne2 f5 7. Ng3 Nf6 8. Be2 Be7
9. O-O O-O 10. Bd2 Bd7 11. a3 b5 12. Qe1 a5 13. c3 Qb6 14. Kh1 Rfc8 15. Rc1 b4
16. axb4 cxb4 17. cxd4 Nxd4 18. Nxd4 Qxd4 19. exf5 Qxb2 20. fxe6 Bxe6 21. Bf3
Kf7 22. Bxa8 Rxa8 23. Ne4 Nxe4 24. dxe4 Qd4 25. e5 Bc4 26. Rf2 Bh4 27. g3 Be7
28. Be3 Bd5+ 29. Kg1 Qe4 30. Kf1 Bc4+ 31. Kg1 Bd5 32. Kf1 b3 33. Bc5 Bc4+ 34.
Kg1 Qxe1+ 35. Rxe1 Bxc5 0-1

[Event "Berkeley CC FNM; 30/90, SD/30"]
[Site "Berkeley"]
[Date "2009.05.22"]
[Round "4.3"]
[White "Glasscoe, Alan S"]
[Black "Shaughnessy, Elizabeth"]
[Result "1-0"]
[WhiteElo "1847"]
[BlackElo "1532"]
[PlyCount "47"]
[EventDate "2009.??.??"]
[SourceDate "2007.10.22"]

1. e4 e5 2. Nc3 Nf6 3. Bc4 Bc5 4. d3 O-O 5. Nge2 c6 6. Be3 Bxe3 7. fxe3 d5 8.
Bb3 Ng4 9. Qd2 Qg5 10. O-O-O Nf2 11. exd5 Nxh1 12. Rxh1 Qxg2 13. Rg1 Qxh2 14.
Ne4 Qh4 15. N2g3 cxd5 16. Bxd5 Qd8 17. Qg2 Nd7 18. Nf5 g6 19. Qh2 Nf6 20. Qxe5
Bxf5 21. Nxf6+ Kg7 22. Ne8+ Kh6 23. Qg7+ Kh5 24. Qxh7# 1-0

[Event "Berkeley CC Santasiere FNM; 30/90, SD/3"]
[Site "Berkeley CA"]
[Date "2009.09.04"]
[Round "5.6"]
[White "Glasscoe, Alan S"]
[Black "Sowell, Nelson M"]
[Result "0-1"]
[WhiteElo "1838"]
[BlackElo "1752"]
[PlyCount "102"]
[EventDate "2009.??.??"]
[SourceDate "2007.10.22"]

1. c3 Nf6 2. Qc2 d5 3. Nf3 b6 4. d3 Bb7 5. Nbd2 e6 6. e4 Nbd7 7. Be2 dxe4 8.
dxe4 Be7 9. O-O O-O 10. Re1 Nc5 11. e5 Ne8 12. b4 Nd7 13. Bb2 c5 14. a3 Rc8 15.
b5 Qc7 16. c4 g6 17. Bd3 Ng7 18. Be4 Rfd8 19. Bxb7 Qxb7 20. a4 a6 21. Ne4 Nf5
22. Rad1 axb5 23. axb5 Nf8 24. Bc1 Nd4 25. Nxd4 cxd4 26. Qd3 Qc7 27. Qh3 Qxe5
28. f4 Qh5 29. Qb3 f5 30. Ng3 Qg4 31. Rd3 Qh4 32. Rf1 Bc5 33. Bd2 Nd7 34. Ne2
Qf6 35. Be1 e5 36. Kh1 e4 37. Rh3 Qf7 38. Bh4 Nf6 39. Rd1 Rd7 40. Bxf6 Qxf6 41.
Nc3 Ra7 42. Nd5 Qf7 43. Qg3 Ra3 44. Qg5 Rxh3 45. gxh3 d3 46. h4 Kg7 47. h5 h6
48. Qg2 Bd4 49. hxg6 Qe6 50. h4 Rxc4 51. Qa2 Qxd5 0-1

[Event "Berkeley CC FNM; 30/90, SD/30"]
[Site "Berkeley"]
[Date "2009.06.05"]
[Round "6.2"]
[White "Glasscoe, Alan S"]
[Black "Trestor, David J"]
[Result "1-0"]
[WhiteElo "1847"]
[BlackElo "1666"]
[Annotator "Trestor"]
[PlyCount "46"]
[EventDate "2009.??.??"]
[SourceDate "2007.10.22"]

1. e4 c5 2. Nc3 Nc6 3. f4 g6 4. Nf3 Bg7 5. d3 e6 {last book move} 6. Be2 d5 7.
e5 Nge7 8. O-O O-O 9. Qe1 a6 (9... Nf5 {
was better, but I was (unnecessarily) afraid of Nb5.}) 10. a4 f6 11. Bd1 Qc7 (
11... fxe5 12. fxe5 Qc7 {may have been better, but I wanted to encourage White
to take exf6, half-opening the f-file for me, but keeping it blocked for White,
while leaving White's f-pawn blocking his QB.}) 12. exf6 Bxf6 13. Ne2 Bd7 14.
c3 (14. Ng3 {was considered, but Fritz actually evaluates it at 1.00 in
Black's favor, whereas Fritz considers the text better, at only 0.58 for Black.
}) 14... e5 15. fxe5 Nxe5 16. Nxe5 Bxe5 (16... Qxe5 {
would've thrown away Black's advantage after} 17. Bf4 Qe6 18. Qd2) 17. h3 {
Fritz says this mistake costs White 1.13 in the position evaluation, and gives
Black a decisive advantage.} ({Better is Fritz'} 17. g3 Nf5 18. Nf4 Qd6 19. Bf3
Bc6 20. Bd2) (17. Bf4 {looks good, but fails to Fritz'} Bxf4 ({
not the post-mortem} 17... Nf5 {which allows White to improve his position with
} 18. Bb3) 18. Nxf4 Rxf4 19. Qxe7 Re8) 17... Rxf1+ 18. Qxf1 Rf8 19. Qe1 Bh2+ ({
The text maintains Black's decisive advantage. However, Fritz prefers the
followig line by 0.26 points over the text:} 19... Nf5 20. Bd2 Ng3 21. Nxg3
Bxg3 22. Qe2 Bf2+ 23. Qxf2 Rxf2 24. Kxf2 Qb6 25. Ra2 d4 26. c4 Kg7 27. Kg1 Qd6
28. Bf3) 20. Kh1 Nf5 21. g4 {This hastens White's demise.} ({
According to Fritz, White could have prolonged his agony with} 21. Bg5 Qd6 22.
Rb1 h6 23. Bd2 g5 24. Rc1 Kg7 25. d4 cxd4 26. cxd4 Ng3+ 27. Nxg3 Bxg3 28. Qg1
Bf2 29. Qh2 Qxh2+ 30. Kxh2 Bxd4 31. Bc3 Bxc3) ({or} 21. Bd2 Qd6 22. b4 c4 23.
d4 Bg3 24. Nxg3 Nxg3+ 25. Kg1 Rf1+ 26. Qxf1 Nxf1 27. Kxf1 Qh2 28. Be3 Qh1+ 29.
Bg1 Bxh3 30. Bf3 Be6) 21... Ng3+ 22. Nxg3 (22. Kg2 {
doesn't hold any promise for White after} Nxe2 23. Bxe2 ({Not} 23. Qxe2 Qg3+ {
and mate on g1 next move.}) 23... Re8 {
with severe, probably fatal, pressure on the exposed White monarch.}) ({
Obviously not} 22. Kxh2 Nf1+ {and mate next move.}) 22... Bxg3 23. Qg1 Rf2 1-0

[Event "Berkeley CC Santasiere FNM; 30/90, SD/3"]
[Site "Berkeley CA"]
[Date "2009.08.14"]
[Round "2.5"]
[White "Glasscoe, Alan S"]
[Black "Yan, Jimmy"]
[Result "1-0"]
[WhiteElo "1838"]
[BlackElo "1287"]
[PlyCount "53"]
[EventDate "2009.??.??"]
[SourceDate "2007.10.22"]

1. e4 c5 2. Nc3 d6 3. f4 Nc6 4. Nf3 Bg4 5. Bb5 e6 6. d3 Nge7 7. O-O a6 8. Bxc6+
Nxc6 9. Ne2 b5 10. c3 Be7 11. h3 Bh5 12. Ng3 Bg6 13. Kh1 h5 14. f5 exf5 15.
Nxf5 Bf6 16. Bf4 Bxf5 17. exf5 Qd7 18. Bg5 Qxf5 19. Bxf6 Qxf6 20. Nd4 Qxf1+ 21.
Qxf1 cxd4 22. Qf3 Rc8 23. Re1+ Kf8 24. cxd4 Nxd4 25. Qb7 Re8 26. Rxe8+ Kxe8 27.
Qb8+ 1-0

[Event "Berkeley CC Santasiere FNM; 30/90, SD/3"]
[Site "Berkeley CA"]
[Date "2009.08.07"]
[Round "1.1"]
[White "Gonda, Thomas A"]
[Black "Andries, W Craig"]
[Result "0-1"]
[WhiteElo "1629"]
[BlackElo "1926"]
[PlyCount "77"]
[EventDate "2009.??.??"]
[SourceDate "2007.10.22"]

1. Nf3 d5 2. d4 e6 3. c4 c6 4. Nc3 f5 5. e3 Bd6 6. Bd3 Nf6 7. b3 O-O 8. O-O Qe8
9. a4 Qe7 10. Re1 a5 11. Nb1 Na6 12. Ba3 Bxa3 13. Nxa3 Bd7 14. Ne5 Nb4 15. Nc2
Nxd3 16. Qxd3 Be8 17. c5 Nd7 18. Nxd7 Bxd7 19. f4 Kh8 20. b4 axb4 21. Nxb4 Ra5
22. Reb1 Rfa8 23. Qd1 g5 24. Nd3 Be8 25. Rb4 g4 26. g3 h5 27. Qb3 R5a7 28. Rb6
Qg7 29. Ne5 h4 30. Kg2 Qh7 31. gxh4 Qxh4 32. Rb4 Qh3+ 33. Kg1 b5 34. cxb6 Rg7
35. e4 g3 36. Nf3 gxh2+ 37. Kf2 Qg2+ 38. Ke3 Rg3 39. Qd1 {score ends} 0-1

[Event "Berkeley CC Santasiere FNM; 30/90, SD/3"]
[Site "Berkeley CA"]
[Date "2009.08.21"]
[Round "3.4"]
[White "Gonda, Thomas A"]
[Black "Glasscoe, Alan S"]
[Result "1-0"]
[WhiteElo "1629"]
[BlackElo "1838"]
[PlyCount "37"]
[EventDate "2009.??.??"]
[SourceDate "2007.10.22"]

1. Nf3 Nc6 2. d4 d6 3. c4 Bf5 4. Nc3 Nf6 5. Bg5 Qd7 6. Bxf6 gxf6 7. e4 Bg6 8.
d5 Ne5 9. Nxe5 fxe5 10. b4 a6 11. Bd3 f5 12. exf5 Bxf5 13. Qh5+ Kd8 14. Bxf5 e6
15. Bxe6 Qg7 16. Qg4 Qf6 17. Ne4 Qh6 18. Qg5+ Qxg5 19. Nxg5 1-0

[Event "Purdy FNM; 30/90, SD/30"]
[Site "Berkeley"]
[Date "2010.01.22"]
[Round "3.2"]
[White "Gonda, Thomas A"]
[Black "Krasnov, Steven L"]
[Result "0-1"]
[WhiteElo "1637"]
[BlackElo "1925"]
[PlyCount "40"]
[EventDate "2010.??.??"]
[SourceDate "2007.10.22"]

1. e4 c5 2. Nf3 e6 3. d4 cxd4 4. Nxd4 Nf6 5. Bd3 Nc6 6. Be3 a6 7. f4 d6 8. O-O
Bd7 9. c4 Qb6 10. Qb3 Qc7 11. Nc3 Na5 12. Nxe6 Bxe6 13. Bb6 Nxb3 14. Bxc7 Nxa1
15. e5 dxe5 16. fxe5 Bc5+ 17. Kh1 Ng4 18. Ne4 Bd4 19. Rxa1 Nxe5 20. Bc2 O-O 0-1

[Event "Purdy FNM; 30/90, SD/30"]
[Site "Berkeley"]
[Date "2010.01.29"]
[Round "4.6"]
[White "Gonda, Thomas A"]
[Black "Landrum, Brett John"]
[Result "1-0"]
[WhiteElo "1637"]
[BlackElo "1538"]
[PlyCount "53"]
[EventDate "2010.??.??"]
[SourceDate "2007.10.22"]

1. e4 e5 2. Nf3 d6 3. d4 f6 4. dxe5 fxe5 5. Nxe5 dxe5 6. Qh5+ g6 7. Qxe5+ Qe7
8. Qxh8 Qxe4+ 9. Be3 Be6 10. Qd4 Qxc2 11. Bd3 Qc6 12. O-O Nd7 13. Rc1 Qb6 14.
Qe4 Bc5 15. Bxc5 Nxc5 16. Rxc5 Qxc5 17. Qxe6+ Ne7 18. Nc3 Rd8 19. Bc4 Rd6 20.
Qf7+ Kd7 21. Ne4 Qb4 22. Nxd6 Qxd6 23. Be6+ Kc6 (23... Qxe6 24. Rd1+) 24. Rc1+
Kb6 25. Bg4 Nc6 26. Qb3+ Qb4 27. Rxc6+ 1-0

[Event "Blackburne Friday Night Marathon"]
[Site "Berkeley"]
[Date "2009.04.10"]
[Round "5.8"]
[White "Gonda, Thomas A"]
[Black "Magganas, Alexander"]
[Result "0-1"]
[WhiteElo "1692"]
[BlackElo "1241"]
[PlyCount "61"]
[EventDate "2009.??.??"]
[SourceDate "2007.10.22"]

1. d4 Nf6 2. c4 g6 3. Nc3 Bg7 4. e4 d6 5. Bg5 Nbd7 6. Qc2 O-O 7. Rd1 e5 8. dxe5
Nxe5 9. c5 Qd7 10. Bxf6 Bxf6 11. cxd6 cxd6 12. Nd5 Bg7 13. Nc7 Rb8 14. Bb5 Nc6
15. Nd5 Re8 16. Nf3 a6 17. Ba4 Qe6 18. Ne3 Qxe4 19. Qxe4 Rxe4 20. Bb3 Bh6 21.
Bc2 Re8 22. Ke2 f5 23. Bb3+ Kh8 24. g3 f4 25. gxf4 Bxf4 26. Rhe1 Bg4 27. Bd5
Nb4 28. Rd4 Nxd5 29. Rxd5 Bxf3+ 30. Kxf3 Bxh2 31. Ng4 0-1

[Event "BCC Josh Friedel Marathon"]
[Site "Berkeley"]
[Date "2008.08.01"]
[Round "4.5"]
[White "Gonda, Thomas A"]
[Black "Morgan, Jerry"]
[Result "1-0"]
[WhiteElo "1470"]
[BlackElo "2022"]
[PlyCount "79"]
[EventDate "2008.??.??"]
[SourceDate "2007.10.22"]

1. d4 f5 2. c4 Nf6 3. Nc3 g6 4. Bf4 e6 5. e3 Bg7 6. Nf3 O-O 7. Qb3 c6 8. Rd1
Na6 9. c5 d5 10. Bxa6 bxa6 11. Qa4 Bb7 12. Ne5 Qe8 13. f3 Nh5 14. O-O Rc8 15.
Qb3 Ba8 16. Rfe1 -- 17. Nd3 Qe7 18. Bd6 Qh4 19. Bxf8 Rxf8 20. Nb4 f4 21. Qc2
Ng3 22. hxg3 fxg3 23. Rd3 Qh2+ 24. Kf1 Qh1+ 25. Ke2 Qxg2+ 26. Kd1 Qxf3+ 27. Qe2
g2 28. Qxf3 Rxf3 29. Rd2 Bh6 30. Rxg2 Bxe3 31. Rge2 Bxd4 32. Rxe6 Bxc5 33. Nxa6
Bf2 34. Re8+ Kf7 35. R1e7+ Kf6 36. Rxa7 d4 37. Raxa8 Kg5 38. Ne4+ Kh6 39. Nxf2
Rxf2 40. Rab8 1-0

[Event "BCC Championship"]
[Site "Berkeley"]
[Date "2008.12.12"]
[Round "7.4"]
[White "Gonda, Thomas A"]
[Black "Motschenbacher, Von"]
[Result "1-0"]
[WhiteElo "1409"]
[BlackElo "1765"]
[PlyCount "73"]
[EventDate "2008.??.??"]
[SourceDate "2007.10.22"]

1. d4 e6 2. c4 d5 3. Nf3 c5 4. Bf4 Nc6 5. Nc3 Nf6 6. e3 Be7 7. cxd5 exd5 8. Bb5
O-O 9. O-O Bg4 10. Rc1 cxd4 11. exd4 Bxf3 12. gxf3 Rc8 13. Bd3 Kh8 14. Bf5 Ra8
15. Nb5 a5 16. Bc7 Qe8 17. Re1 Ra6 18. Nd6 Qa8 19. Rxc6 Rxc6 20. Rxe7 Rxd6 21.
Bxd6 Qd8 22. Ba3 Ng8 23. Rxb7 Re8 24. Rxf7 Nh6 25. Rd7 Qg5+ 26. Bg4 Nxg4 27.
fxg4 Re1+ 28. Qxe1 Qxg4+ 29. Kh1 Qf3+ 30. Kg1 Qg4+ 31. Kf1 Qh3+ 32. Ke2 Qg4+
33. Kd2 Qxd4+ 34. Kc1 Qf4+ 35. Kb1 Qf5+ 36. Ka1 Qxd7 37. Qe7 1-0

[Event "BCC Adolf Anderssen Friday Night Marath"]
[Site "Berkeley"]
[Date "2009.01.30"]
[Round "4.4"]
[White "Gonda, Thomas A"]
[Black "Nelson, Christopher"]
[Result "1-0"]
[WhiteElo "1445"]
[BlackElo "1492"]
[PlyCount "61"]
[EventDate "2009.??.??"]
[SourceDate "2007.10.22"]

1. d4 f5 2. c4 Nf6 3. Nc3 e6 4. Nf3 Be7 5. Bf4 O-O 6. e3 c6 7. c5 d5 8. cxd6
Bxd6 9. Bxd6 Qxd6 10. Bc4 b5 11. Bb3 Kh8 12. a4 b4 13. Ne2 a5 14. Rc1 Nbd7 15.
Qc2 Bb7 16. Nf4 Nd5 17. Nd3 Rac8 18. Nc5 Nxc5 19. Qxc5 Qd8 20. Ne5 Qg5 21. O-O
Nxe3 22. fxe3 Qxe3+ 23. Rf2 Qxb3 24. Qxa5 Ra8 25. Qc7 Qe3 26. Rd1 Ba6 27. Qxc6
Rfc8 28. Qxe6 f4 29. Nf7+ Kg8 30. Nh6+ Kh8 31. Qg8+ 1-0

[Event "Joseph Henry Blackburne FNM; 30/90, SD/"]
[Site "Berkeley"]
[Date "2009.03.20"]
[Round "2.1"]
[White "Gonda, Thomas A"]
[Black "Sauerwald, Thomas"]
[Result "0-1"]
[WhiteElo "1692"]
[BlackElo "2152"]
[PlyCount "60"]
[EventDate "2009.??.??"]
[SourceDate "2007.10.22"]

1. d4 Nf6 2. c4 e6 3. Nc3 Bb4 4. Qc2 d5 5. e3 c5 6. dxc5 O-O 7. Bd2 Bxc5 8. Nf3
Nc6 9. cxd5 exd5 10. a3 d4 11. Nb5 dxe3 12. fxe3 Qe7 13. Nc7 Rb8 14. e4 Bg4 15.
O-O-O Bxf3 16. gxf3 Nd4 17. Qc4 Qxc7 18. e5 b5 19. Qd3 Qxe5 20. Bh6 gxh6 21.
Bh3 b4 22. Rhg1+ Kh8 23. a4 Ne2+ 24. Kb1 Nxg1 25. Qd2 Rbd8 26. Qxd8 Rxd8 27.
Rxd8+ Kg7 28. Rd2 Qe1+ 29. Kc2 b3+ 30. Kc3 Nxf3 0-1

[Event "BCC Josh Friedel Marathon"]
[Site "Berkeley"]
[Date "2008.08.15"]
[Round "6.3"]
[White "Gonda, Thomas A"]
[Black "Sherwood, Peter"]
[Result "0-1"]
[WhiteElo "1470"]
[BlackElo "1743"]
[PlyCount "120"]
[EventDate "2008.??.??"]
[SourceDate "2007.10.22"]

1. Nf3 Nf6 2. d4 d5 3. c4 dxc4 4. Nc3 e6 5. Bf4 Bd6 6. Bxd6 cxd6 7. Qa4+ Nc6 8.
Qxc4 O-O 9. e3 d5 10. Qa4 Bd7 11. Rc1 Qb6 12. Qc2 Rac8 13. a3 Rfe8 14. Bd3 g6
15. O-O e5 16. dxe5 Nxe5 17. Nxe5 Rxe5 18. Qd2 Rh5 19. Be2 Re5 20. Bf3 Qe6 21.
Rfd1 Bc6 22. h3 Qf5 23. Ne2 Qg5 24. Nf4 Ne4 25. Bxe4 dxe4 26. Qd4 a6 27. Ne2
Rd5 28. Qc3 Bd7 29. Qb3 Rb5 30. Rxc8+ Bxc8 31. Qc2 Bxh3 32. Nf4 Bf5 33. a4 Rb6
34. Qc3 Qf6 35. Nd5 Qxc3 36. bxc3 Rb3 37. Ne7+ Kg7 38. Nxf5+ gxf5 39. Rc1 Kf6
40. Kf1 Ke5 41. Ke2 Rb2+ 42. Ke1 h5 43. g3 Kd5 44. Rd1+ Ke6 45. Rd4 Rc2 46. Rc4
Rb2 47. a5 Rb5 48. Ra4 Kf6 49. Kf1 Kg5 50. Kg2 Kg4 51. Rb4 Rxb4 52. cxb4 h4 53.
gxh4 Kxh4 54. f4 Kg4 55. Kf2 Kh3 56. Kf1 Kg3 57. Ke2 Kg2 58. Ke1 Kf3 59. Kd2
Kf2 60. Kd1 Kxe3 0-1

[Event "BCC Championship"]
[Site "Berkeley"]
[Date "2008.12.05"]
[Round "6.5"]
[White "Gonda, Thomas A"]
[Black "Sowell, Nelson M"]
[Result "1-0"]
[WhiteElo "1409"]
[BlackElo "1738"]
[PlyCount "32"]
[EventDate "2008.??.??"]
[SourceDate "2007.10.22"]

1. d4 Nf6 2. Nf3 e6 3. c4 b6 4. Nc3 Bb7 5. Bg5 Be7 6. Qc2 O-O 7. e4 d6 8. Rd1
Nbd7 9. Bd3 h6 10. Bh4 Re8 11. e5 Bxf3 12. gxf3 Nh5 13. Bxe7 Qxe7 14. Nb5 Nf8
15. Be4 -- 16. Bxa8 Rxa8 1-0

[Event "Berkeley CC FNM; 30/90, SD/30"]
[Site "Berkeley"]
[Date "2009.05.22"]
[Round "4.4"]
[White "Gonda, Thomas A"]
[Black "Sowell, Nelson M"]
[Result "1-0"]
[WhiteElo "1685"]
[BlackElo "1752"]
[PlyCount "107"]
[EventDate "2009.??.??"]
[SourceDate "2007.10.22"]

1. d4 Nf6 2. c4 e6 3. Nc3 b6 4. Bg5 Be7 5. e4 d6 6. Nf3 O-O 7. Qc2 Bb7 8. Bxf6
Bxf6 9. Rd1 Nd7 10. Bd3 g6 11. h4 a6 12. h5 g5 13. h6 g4 14. Nd2 Bxd4 15. Nb3
Bf6 16. e5 Nxe5 17. Bxh7+ Kh8 18. Ne4 d5 19. Rh5 Qe7 20. Nxf6 Qxf6 21. c5 Bc6
22. Nd4 Rac8 23. Nxc6 Nxc6 24. Bd3 b5 25. Qd2 Ne7 26. Bb1 Nf5 27. Qf4 Rg8 28.
Bxf5 exf5 29. Rxf5 Rce8+ 30. Kf1 Qh4 31. Qd4+ f6 32. Qxf6+ Qxf6 33. Rxf6 Rg5
34. f4 gxf3 35. gxf3 Reg8 36. Kf2 Rg2+ 37. Ke3 Rxb2 38. Rxa6 Rg5 39. f4 Rg3+
40. Kd4 Rb4+ 41. Kxd5 Rxf4 42. Kc6 Rg6+ 43. Kxb5 Rxa6 44. Kxa6 Ra4+ 45. Kb7
Rxa2 46. Kxc7 Kh7 47. Rd6 -- 48. c6 Kg8 49. Kd7 Kf8 50. c7 Rb2 51. Rf6+ Kg8 52.
Kd8 Rb1 53. c8=Q Rd1+ 54. Ke7+ 1-0

[Event "Berkeley CC Santasiere FNM; 30/90, SD/3"]
[Site "Berkeley CA"]
[Date "2009.09.04"]
[Round "5.5"]
[White "Gonda, Thomas A"]
[Black "Stearman, Josiah"]
[Result "1-0"]
[WhiteElo "1629"]
[BlackElo "1058"]
[PlyCount "65"]
[EventDate "2009.??.??"]
[SourceDate "2007.10.22"]

1. e4 c5 2. Nf3 Nc6 3. d4 cxd4 4. Nxd4 d6 5. Nc3 e6 6. f4 Nf6 7. Be3 Be7 8. Be2
O-O 9. O-O e5 10. Nf5 Bxf5 11. exf5 exf4 12. Rxf4 Ne5 13. Nd5 Nxd5 14. Qxd5 Bg5
15. Re4 Bxe3+ 16. Rxe3 Qb6 17. Qb3 Qc6 18. Rg3 Rac8 19. f6 g6 20. Qe3 Qc5 21.
c3 Rfe8 22. Kh1 Qxe3 23. Rxe3 Nd7 24. Rxe8+ Rxe8 25. Bb5 Rd8 26. Bxd7 Rxd7 27.
Re1 h5 28. Re7 Rd8 29. Rxb7 d5 30. Rxa7 d4 31. cxd4 Rxd4 32. h3 Rf4 33. Ra6 1-0

[Event "Shorman Sunday Night Marathon"]
[Site "?"]
[Date "2008.01.06"]
[Round "3"]
[White "Gonda, Tommy"]
[Black "Van Gorder, Neil"]
[Result "1-0"]
[WhiteElo "1390"]
[BlackElo "1259"]
[PlyCount "119"]
[EventDate "2008.??.??"]
[SourceDate "2007.10.22"]

1. f4 d5 2. Nf3 Nf6 3. d3 c5 4. c3 e6 5. Nbd2 Qc7 6. g3 Bd6 7. e4 e5 8. fxe5
Bxe5 9. exd5 Bxg3+ 10. hxg3 Qxg3+ 11. Ke2 Nxd5 12. Qe1 Qxe1+ 13. Kxe1 O-O 14.
d4 Bf5 15. Kf2 cxd4 16. Nxd4 Bg6 17. Nc4 Nd7 18. Bg2 N7f6 19. Bg5 Rab8 20. Ne5
Rfe8 21. Nxg6 fxg6 22. Rh4 Re5 23. Bxd5+ Rxd5 24. Bxf6 gxf6 25. Rah1 h5 26. Rf4
Kf7 27. Re1 f5 28. c4 Rc5 29. Nb5 a6 30. Nd6+ Kg7 31. Re7+ Kf6 32. Rxb7 Rxb7
33. Nxb7 Rc7 34. Na5 Ke5 35. Rf3 g5 36. b4 g4 37. Re3+ Kf6 38. Rd3 Ke6 39. Kg3
Ke5 40. Rd5+ Ke4 41. Rd6 f4+ 42. Kf2 g3+ 43. Kg2 Ra7 44. Re6+ Kf5 45. Rh6 Kg4
46. c5 f3+ 47. Kf1 h4 48. Nc6 Ra8 49. Ne5+ Kg5 50. Rh7 Kf4 51. Ng6+ Ke3 52.
Re7+ Kd2 53. Nxh4 Rf8 54. c6 Rf4 55. Nxf3+ Rxf3+ 56. Kg2 Rc3 57. c7 Kc2 58. a4
Kb3 59. b5 axb5 60. axb5 1-0

[Event "BCC Adolf Anderssen Friday Night Marath"]
[Site "Berkeley"]
[Date "2009.01.16"]
[Round "2.9"]
[White "Gonda, Thomas A"]
[Black "Yan, Jimmy"]
[Result "1-0"]
[WhiteElo "1445"]
[BlackElo "1172"]
[PlyCount "47"]
[EventDate "2009.??.??"]
[SourceDate "2007.10.22"]

1. d4 d5 2. c4 dxc4 3. e4 e6 4. Bxc4 Nc6 5. Nf3 Nf6 6. Nc3 Be7 7. O-O O-O 8.
Bf4 a6 9. Rc1 Re8 10. e5 Nd5 11. Nxd5 exd5 12. Bd3 Nb4 13. Bb1 Nc6 14. Qd3 g6
15. Bh6 Bf5 16. Qe3 Bxb1 17. Rxb1 Qd7 18. Qf4 Nb4 19. Ng5 Bxg5 20. Bxg5 Nxa2
21. Bf6 Re6 22. Qh6 Rxf6 23. exf6 Kh8 24. Qg7# 1-0

[Event "Berkeley CC Christiansen FNM; 30/90, SD/"]
[Site "Berkeley"]
[Date "2012.05.25"]
[Round "3.1"]
[White "Hatarik, Robert"]
[Black "Wang, Yuan"]
[Result "1-0"]
[WhiteElo "2088"]
[BlackElo "2027"]
[PlyCount "57"]
[EventDate "2012.??.??"]

1. e4 c5 2. Nf3 d6 3. d4 cxd4 4. Qxd4 Bd7 5. Be3 Nc6 6. Qd2 Nf6 7. Nc3 Ng4 8.
Bf4 e5 9. Bg5 Qb6 10. h3 Nf6 11. O-O-O Be6 12. Bxf6 gxf6 13. Nd5 Bxd5 14. Qxd5
Qxf2 15. Bc4 O-O-O 16. Qxf7 Bh6+ 17. Kb1 Qxg2 18. Nh4 Qxe4 19. Nf5 d5 20. Bd3
Qf4 21. Rhf1 Qh2 22. Nxh6 e4 23. Bb5 Qxh3 24. Rxf6 Rhf8 25. Rxc6+ Kb8 26. Qc7+
Ka8 27. Rf6 e3 28. Qe7 Qh5 29. Rdf1 1-0

[Event "Berkeley CC Christiansen FNM; 30/90, SD/"]
[Site "Berkeley"]
[Date "2012.06.08"]
[Round "5.1"]
[White "Hatarik, Robert"]
[Black "Watson, Farid Mark"]
[Result "1-0"]
[WhiteElo "2088"]
[BlackElo "2062"]
[PlyCount "59"]
[EventDate "2012.??.??"]

1. e4 c5 2. Nf3 g6 3. d4 cxd4 4. Nxd4 Bg7 5. c4 Nc6 6. Be3 Nf6 7. Nc3 O-O 8.
Be2 d6 9. O-O Nxd4 10. Bxd4 Be6 11. Qd2 a6 12. Rfd1 Re8 13. Qe3 Nd7 14. Bxg7
Kxg7 15. c5 dxc5 16. f4 f6 17. f5 Bf7 18. e5 fxe5 19. fxg6 hxg6 20. Bg4 e6 21.
Rd6 Qc7 22. Rad1 Nf6 23. Qxe5 Rad8 24. Ne4 Rxd6 25. Qxf6+ Kg8 26. Nxd6 Rd8 27.
Bxe6 Bxe6 28. Qxg6+ Qg7 29. Qxe6+ Kh7 30. Rd3 1-0

[Event "Berkeley CC De Firmian FNM; 30/90, SD/30"]
[Site "Berkeley"]
[Date "2012.04.20"]
[Round "4.4"]
[White "Heifetz, Michael"]
[Black "Sadowsky, Jacob An"]
[Result "1-0"]
[WhiteElo "1930"]
[BlackElo "1721"]
[PlyCount "73"]
[EventDate "2012.??.??"]

1. d4 d5 2. Nf3 Nf6 3. c4 c6 4. Nc3 e6 5. Bg5 Nbd7 6. h3 dxc4 7. e4 Qa5 8. Bd2
Bb4 9. Bxc4 b5 10. Bd3 O-O 11. a3 Bxc3 12. Bxc3 Qb6 13. Qc2 h6 14. Bb4 Re8 15.
Rc1 Bb7 16. O-O a5 17. Bd6 Rac8 18. b4 axb4 19. axb4 Qd8 20. g4 Nb6 21. Be5 Nc4
22. Bxc4 bxc4 23. Nd2 c5 24. bxc5 Nh7 25. Nxc4 Qh4 26. Nd6 Qxh3 27. f3 f6 28.
Qh2 Qxh2+ 29. Bxh2 Ba6 30. Rfe1 Ng5 31. Kg2 Kf8 32. Nxc8 Rxc8 33. Rb1 e5 34.
Rb6 Bd3 35. c6 Ke7 36. dxe5 f5 37. gxf5 1-0

[Event "Purdy FNM; 30/90, SD/30"]
[Site "Berkeley"]
[Date "2010.01.15"]
[Round "2.6"]
[White "High, Kenneth H"]
[Black "Gonda, Thomas A"]
[Result "0-1"]
[WhiteElo "1208"]
[BlackElo "1637"]
[PlyCount "48"]
[EventDate "2010.??.??"]
[SourceDate "2007.10.22"]

1. c4 Nf6 2. g3 c6 3. Bg2 d5 4. cxd5 cxd5 5. Nc3 e6 6. d4 Nc6 7. Nf3 Be7 8. O-O
O-O 9. Bf4 Nh5 10. Be3 f6 11. Bf4 Nxf4 12. gxf4 Bd6 13. f5 Ne7 14. fxe6 Bxe6
15. Qb3 Qd7 16. Ne1 Rac8 17. Nc2 Rfd8 18. Ne3 Kh8 19. Rac1 Bh3 20. Bxd5 -- 21.
Be6 Bxe6 22. -- Nd5 23. Nexd5 Bxd5 24. -- Qg4# 0-1

[Event "Purdy FNM; 30/90, SD/30"]
[Site "Berkeley"]
[Date "2010.01.08"]
[Round "1.11"]
[White "High, Kenneth H"]
[Black "Sowell, Nelson M"]
[Result "0-1"]
[WhiteElo "1208"]
[BlackElo "1801"]
[PlyCount "22"]
[EventDate "2010.??.??"]
[SourceDate "2007.10.22"]

1. c4 Nf6 2. g3 e6 3. Bg2 d5 4. cxd5 exd5 5. d4 b6 6. Nc3 Bb7 7. Qb3 Be7 8. Bg5
O-O 9. Bxf6 Bxf6 10. e3 c6 11. Nge2 Nd7 {remainder illegible} 0-1